000 00679nam a2200253 a 4500
001 nice12345678
003 IN_TiNIC
005 20260116013140.0
008 050524s1980 lona grp 000 0 eng
020 _a
_c100
082 0 0 _a297.4
_bOCT
100 _aOctagon Press,
245 _aFour Sufi Classics
_bSalman and Absal the Niche for Lights-The Way of the Seeker-Abode of Spring
260 _aLondon
_bOctagon Press
_c1980
300 _a222p
500 _aincludes index and biblioraphy
505 2 _aIndex
650 _aSufism
650 _aSalman and Absal By Jami, Abdur Rah
700 1 _aOctagon Press,
902 _bSRS
942 _cBK
999 _c9866
_d9866